| 000 | 01361nam a2200313 a 4500 | ||
|---|---|---|---|
| 001 | ebr10400686 | ||
| 003 | CaPaEBR | ||
| 006 | m u | ||
| 007 | cr cn||||||||| | ||
| 008 | 100720t20102009xna sb 001 0 eng d | ||
| 020 | _z9781742231556 (pbk.) | ||
| 020 | _z9781742232461 (e-book) | ||
| 040 |
_aCaPaEBR _cCaPaEBR |
||
| 035 | _a(OCoLC)664353848 | ||
| 050 | 1 | 4 |
_aRC66 _b.E35 2010eb |
| 100 | 1 | _aEdlow, Jonathan A. | |
| 245 | 1 | 4 |
_aThe deadly dinner party _h[electronic resource] : _band other medical detective stories / _cJonathan A. Edlow. |
| 260 |
_aSydney, N.S.W. : _bUniversity of New South Wales Press, Ltd., _c2010, c2009. |
||
| 300 | _axiii, 245 p. | ||
| 504 | _aIncludes bibliographical references (p. 211-235) and index. | ||
| 505 | 0 | _apt. 1. Human meets pathogen -- pt. 2. The external environment -- pt. 3. The internal milieu. | |
| 533 |
_aElectronic reproduction. _bPalo Alto, Calif. : _cebrary, _d2010. _nAvailable via World Wide Web. _nAccess may be limited to ebrary affiliated libraries. |
||
| 650 | 0 |
_aDiagnosis _vPopular works. |
|
| 650 | 0 |
_aDiagnosis, Differential _vPopular works. |
|
| 650 | 0 |
_aMedicine _vCase studies. |
|
| 655 | 7 |
_aElectronic books. _2local |
|
| 710 | 2 | _aebrary, Inc. | |
| 856 | 4 | 0 |
_uhttp://site.ebrary.com/lib/rucke/Doc?id=10400686 _zAn electronic book accessible through the World Wide Web; click to view |
| 999 |
_c94266 _d94266 |
||